| 000 | 00743nam a2200229 4500 | ||
|---|---|---|---|
| 001 | 117330 | ||
| 003 | ES-MaACL | ||
| 005 | 20250812050152.0 | ||
| 007 | t| | ||
| 008 | 071121s1955 sp af r ||||1| spa d | ||
| 080 | _a745.04(084) | ||
| 100 | 1 |
_aPeñalver, Antonio. _990305 |
|
| 245 | 1 | 0 |
_aMotivos ornamentales _b: rococó : obra de interés para arquitectos, cinceladores ... / _c31 láminas originales de A. Peñalver y J. Félix. |
| 250 | _a1ª ed. | ||
| 260 |
_aValencia : _bPeñafiel, _c1955. |
||
| 300 |
_a1 h., 31 lám. : _bil. ; _c34 cm. |
||
| 650 | 4 |
_aDecoración y ornamentación. _9146968 |
|
| 650 | 7 |
_aArte rococó _2embne _9148115 |
|
| 700 | 1 |
_aFélix, J. _949210 |
|
| 852 |
_aES-MaACL _jC-11149 |
||
| 999 |
_c117330 _d117330 |
||